El amor y la baratija / (Registro nro. 7113)

Detalles MARC
000 -LIDER
fixed length control field 00810nam a2200253 u 4500
001 - NÚMERO DE CONTROL
Identificador de número de control 000002039
003 - IDENTIFICACDOR DE NÚMERO DE CONTROL
control field 000002039
005 - DATE AND TIME OF LATEST TRANSACTION
control field 20180320160936.0
008 - ELEMENTOS DE LONGITUD FIJA
fixed length control field 090630s2007 dr r 000 0 spa d
020 ## - ISBN
International Standard Book Number 9789945420227
040 ## - FUENTE DE CATALOGACIÓN
Agencia que crea de manera original el registro BPMSU
Idioma de catalogación spa
Agencia que realiza la transcripción BPMSU
092 ## - LOCALLY ASSIGNED DEWEY DECIMAL CALL NUMBER
Número de clasificación RD861.5
Número de ítem (Cutter) M516a
100 1# - ASIENTO PRINCIPAL -- NOMBRE PERSONAL
Nombre personal Mejía, Amable,
Fechas asociadas con el nombre 1959-
245 13 - MENCIÓN DE TITULO
Título El amor y la baratija /
Mención de responsabilidad Amable Mejía.
260 ## - PUBLICACIÓN, DISTRIBUCIÓN, ETC. (PIE DE IMPRENTA)
Lugar de publicación, distribución, etc San Francisco de Macorís :
Nombre del editor, distribuidor, etc. Angeles de Fierro :
-- Nacional,
Fecha de publicación, distribución, etc 2007.
300 ## - DESCRIPCIÓN FÍSICA
Extensión 49 p. ;
Dimensiones 18 cm.
500 ## - NOTA GENERAL
Nota general Incluye datos biográficos del autor en la solapa de la cubierta
650 #4 - ENCABEZAMIENTO DE MATERIA--TEMÁTICO
Término temático o nombre geográfico como elemento de entrada POESÍA DOMINICANA
650 #4 - ENCABEZAMIENTO DE MATERIA--TEMÁTICO
Término temático o nombre geográfico como elemento de entrada LITERATURA DOMINICANA
910 ## - VALIDACIÓN
Validación Validado. Control de calidad BNPHU
942 ## - ADDED ENTRY ELEMENTS (KOHA)
Source of classification or shelving scheme Dewey Decimal Classification
Koha item type Libros
945 ## - INFORMACIÓN DE PROCESAMIENTO LOCAL
Información de procesamiento local Remanejado para la BNPHU / VM
956 ## - LOCAL ELECTRONIC LOCATION AND ACCESS (OCLC)
Nombre de host VMATEO
Número de acceso 10
Información de compresión 20150728
Inicio de sesión BPMSU
Procesador de solicitud 0069
Existencias
Withdrawn status Lost status Source of classification or shelving scheme Damaged status Not for loan Home library Current library Date acquired Total Checkouts Full call number Barcode Date last seen Price effective from Koha item type
    Dewey Decimal Classification     Biblioteca Pública Metropolitana Salomé Ureña Biblioteca Pública Metropolitana Salomé Ureña 07/09/2014   RD861.5 M516a BPMSU15040493 07/09/2014 07/09/2014 Libros